[Event "GER CM04-A email"]
[Site "GER email"]
[Date "2017.06.26"]
[Round "?"]
[White "Gonzaga Grego, Luis Jose"]
[Black "Betker, Joerg"]
[Result "1/2-1/2"]
[WhiteElo "2405"]
[BlackElo "2438"]
[PlyCount "79"]
[EventDate "2017.??.??"]
[EventType "tourn (corr)"]
[EventRounds "10"]
[EventCountry "GER"]
[SourceTitle "Corr 2017"]
[Source "ChessBase"]
[SourceDate "2017.09.19"]
[SourceVersion "1"]
[SourceVersionDate "2017.09.19"]
[SourceQuality "1"]

1. d4 Nf6 2. c4 e6 3. Nc3 d5 4. cxd5 exd5 5. Bg5 Be7 6. e3 h6 7. Bh4 0-0 8. Bd3 c6 9. Qc2 Re8 10. Nge2 Nh5 11. Bxe7 Qxe7 12. 0-0 Nd7 13. Rab1 a5 14. Na4 g6 15. a3 Ng7 16. Nf4 Qd6 17. Rfc1 h5 18. h4 Ne6 19. Re1 b5 20. Nc3 Kg7 21. Nxe6+ Rxe6 22. Ne2 Nb6 23. Nf4 Rf6 24. g3 a4 25. Kg2 Nc4 26. Re2 Qd8 27. f3 Rd6 28. Rbe1 Ra7 29. Rd1 Rb7 30. Rde1 Ra7 31. Kf2 Qf6 32. Qc3 Rd8 33. Rd1 Rb7 34. Bb1 Re7 35. Rde1 Kg8 36. Bd3 Kg7 37. Qb4 Rb7 38. Qc3 Re7 39. Ra1 Ra7 40. Kg2 1/2-1/2

[Event "GER CM04-A email"]
[Site "GER email"]
[Date "2017.06.26"]
[Round "?"]
[White "Schulz, Guenter"]
[Black "Betker, Joerg"]
[Result "1/2-1/2"]
[WhiteElo "2403"]
[BlackElo "2438"]
[PlyCount "47"]
[EventDate "2017.??.??"]
[EventType "tourn (corr)"]
[EventRounds "10"]
[EventCountry "GER"]
[SourceTitle "Corr 2017"]
[Source "ChessBase"]
[SourceDate "2017.09.19"]
[SourceVersion "1"]
[SourceVersionDate "2017.09.19"]
[SourceQuality "1"]

1. e4 c5 2. Nf3 Nc6 3. d4 cxd4 4. Nxd4 Nf6 5. Nc3 e5 6. Ndb5 d6 7. Bg5 a6 8. Na3 b5 9. Nd5 Be7 10. Bxf6 Bxf6 11. c3 0-0 12. Nc2 Bg5 13. a4 bxa4 14. Rxa4 a5 15. Bc4 Ne7 16. Nce3 Nxd5 17. Nxd5 Bd7 18. Ra2 Kh8 19. 0-0 f5 20. exf5 Bxf5 21. Qe2 Bd7 22. b3 Bc6 23. Rfa1 g6 24. Qd1 1/2-1/2

[Event "GER CM04-A email"]
[Site "GER email"]
[Date "2017.06.26"]
[Round "?"]
[White "Woodard, Daniel S"]
[Black "Betker, Joerg"]
[Result "1/2-1/2"]
[WhiteElo "2415"]
[BlackElo "2438"]
[PlyCount "56"]
[EventDate "2017.??.??"]
[EventType "tourn (corr)"]
[EventRounds "10"]
[EventCountry "GER"]
[SourceTitle "Corr 2017"]
[Source "ChessBase"]
[SourceDate "2017.09.19"]
[SourceVersion "1"]
[SourceVersionDate "2017.09.19"]
[SourceQuality "1"]

1. d4 Nf6 2. c4 e6 3. g3 d5 4. Nf3 Be7 5. Bg2 0-0 6. 0-0 dxc4 7. Qc2 a6 8. a4 Bd7 9. Qxc4 Bc6 10. Bf4 Bd6 11. Bg5 Nbd7 12. Nc3 h6 13. Bxf6 Nxf6 14. Rfd1 Qe7 15. Nd2 Bxg2 16. Kxg2 Rfd8 17. Nce4 Nxe4 18. Nxe4 a5 19. Rac1 c6 20. Nxd6 Rxd6 21. Rd3 Rad8 22. Qc3 e5 23. dxe5 Rxd3 24. exd3 Rd5 25. Re1 Qd8 26. Qb3 Rxd3 27. Qxb7 Qd5+ 28. Kg1 Rd1 1/2-1/2